00672 2200265 4500001002100000005001700021035002500038090001900063100002000082245004800102260003100150300002700181650002600208850001200234990001600246990001600262990001600278990001600294990001600310990001600326990001600342990001600358990001600374990001600390YOGYA00000000001137020150304110132.0 a0010-081400000011088 aT 155.12 Man S aMANZ, Charles C aSeni memimpin diri sendiricMANZ, Charles C aYogyakartabKanisiusc1999 a98 Hlm.bilus.c21 Cm. aMotivasi diri sendiri aYOPDYOG a4307-P/2000 a4307-P/2000 a4307-P/2000 a4308-P/2000 a4307-P/2000 a4307-P/2000 a4309-P/2000 a4308-P/2000 a4307-P/2000 a4307-P/2000